[Event "USA ch 2008 femenino"]
[Site "Tulsa USA"]
[Date "2008.05.21"]
[Round "9.5"]
[White "Zenyuk, Iryna"]
[Black "Airapetian, Chouchanik"]
[Result "0-1"]
[WhiteElo "2233"]
[BlackElo "2092"]
[PlyCount "146"]
[EventDate "2008.05.13"]
[EventType "tourn"]
[EventRounds "9"]
[EventCountry "USA"]
[Source "lmi"]
[SourceDate "2008.05.13"]

1. d4 Nf6 2. Nf3 g6 3. c4 Bg7 4. Nc3 O-O 5. e4 d6 6. Be2 Na6 7. O-O e5 8. Be3
Ng4 9. Bg5 Qe8 10. Re1 f6 11. Bc1 Kh8 12. h3 Nh6 13. dxe5 dxe5 14. Be3 c6 15.
a3 Nc7 16. c5 Be6 17. Qc2 Qf7 18. b4 Rfd8 19. Nd1 Nb5 20. Bxb5 cxb5 21. Nc3 Bc4
22. a4 bxa4 23. Qc1 Ng8 24. Nd2 Bd3 25. Rxa4 a6 26. Ra3 Ne7 27. Na4 Rac8 28.
Nb2 Bb5 29. Nbc4 Qe6 30. Rc3 Nc6 31. Nd6 Rc7 32. Qb2 Bf8 33. N2c4 Bxc4 34. Nxc4
Nd4 35. Nb6 Nb5 36. Rcc1 Kg8 37. Rcd1 Rxd1 38. Rxd1 Kf7 39. Qd2 Be7 40. f4 Rc6
41. Qd3 exf4 42. Bxf4 Na7 43. Nc4 Rc8 44. Bd6 Rd8 45. e5 Nc6 46. Qc3 Nxe5 47.
Nxe5+ fxe5 48. Qf3+ Ke8 49. Qxb7 Bxd6 50. Qc6+ Ke7 51. Kh1 Rd7 52. cxd6+ Rxd6
53. Qc5 Kd7 54. Rc1 Qd5 55. Qc7+ Ke6 56. Qxh7 Qd3 57. Qg8+ Kf5 58. Qf8+ Kg5 59.
Qe7+ Kf5 60. Re1 e4 61. Qf8+ Kg5 62. Qe7+ Kf5 63. Qf8+ Kg5 64. Rf1 Qg3 65. Qe7+
Kh6 66. h4 e3 67. Qf8+ Kh5 68. Qh8+ Kg4 69. Qf8 e2 70. Qc8+ Kxh4 71. Qc4+ Qg4
72. Qxg4+ Kxg4 73. Re1 Rd1 0-1

[Event "USA ch 2008 femenino Playoff"]
[Site "Tulsa USA"]
[Date "2008.05.21"]
[Round "1"]
[White "Zatonskih, Anna"]
[Black "Krush, Irina"]
[Result "1-0"]
[WhiteElo "2458"]
[BlackElo "2479"]
[PlyCount "65"]
[EventDate "2008.05.21"]
[EventType "match (rapid)"]
[EventRounds "5"]
[EventCountry "USA"]
[Source "lmi"]
[SourceDate "2008.05.13"]

1. d4 d5 2. c4 dxc4 3. e4 e5 4. Nf3 exd4 5. Bxc4 Nc6 6. Qb3 Bb4+ 7. Nbd2 Qf6 8.
O-O Nge7 9. e5 Qg6 10. a3 Bxd2 11. Bxd2 O-O 12. Rac1 Bg4 13. Rfe1 Be6 14. Bxe6
fxe6 15. Ng5 Nd5 16. Qxb7 Nce7 17. Qa6 c6 18. Qc4 Rad8 19. Ne4 h6 20. Rcd1 Nf5
21. Ng3 Nh4 22. Bc1 Nf4 23. Bxf4 Rxf4 24. Qxc6 d3 25. Re4 Rdf8 26. Rxf4 Rxf4
27. Qd7 Rc4 28. Qd8+ Kh7 29. Qxd3 Qxd3 30. Rxd3 Rc1+ 31. Nf1 Kg6 32. g3 Nf5 33.
Kg2 1-0

[Event "USA ch 2008 femenino Playoff"]
[Site "Tulsa USA"]
[Date "2008.05.21"]
[Round "2"]
[White "Krush, Irina"]
[Black "Zatonskih, Anna"]
[Result "1-0"]
[WhiteElo "2479"]
[BlackElo "2458"]
[PlyCount "71"]
[EventDate "2008.05.21"]
[EventType "match (rapid)"]
[EventRounds "5"]
[EventCountry "USA"]
[Source "lmi"]
[SourceDate "2008.05.13"]

1. d4 d5 2. c4 c6 3. Nf3 Nf6 4. Nc3 a6 5. h3 dxc4 6. a4 Nd5 7. e3 Nxc3 8. bxc3
b5 9. Ne5 Qd5 10. Be2 Bf5 11. f3 Qd8 12. e4 Bc8 13. f4 e6 14. O-O Be7 15. f5
exf5 16. exf5 O-O 17. Bf3 Bb7 18. Be4 Bf6 19. Qh5 Qe7 20. Ba3 Qe8 21. Bxf8 Qxf8
22. axb5 axb5 23. Rxa8 Bxa8 24. Ra1 Bb7 25. Ra7 Bxe5 26. f6 Bxd4+ 27. cxd4 g6
28. Qc5 Qc8 29. Qb6 Ba6 30. Ra8 Bb7 31. Ra7 Ba6 32. Re7 Nd7 33. Qa7 Nxf6 34.
Rxf7 Qe6 35. Re7 Qd6 36. Qa8+ 1-0

[Event "USA ch 2008 femenino Playoff"]
[Site "Tulsa USA"]
[Date "2008.05.21"]
[Round "3"]
[White "Zatonskih, Anna"]
[Black "Krush, Irina"]
[Result "0-1"]
[WhiteElo "2458"]
[BlackElo "2479"]
[PlyCount "61"]
[EventDate "2008.05.21"]
[EventType "match (rapid)"]
[EventRounds "5"]
[EventCountry "USA"]
[Source "lmi"]
[SourceDate "2008.05.13"]

1. e4 c5 2. g3 d5 3. exd5 Qxd5 4. Nf3 Bg4 5. Bg2 Qe6+ 6. Kf1 Nc6 7. h3 Bh5 8.
d3 Qd7 9. Be3 e6 10. Nbd2 Nf6 11. Nb3 Nd5 12. Bxc5 Bxc5 13. Nxc5 Qe7 14. Nb3
O-O 15. Kg1 f5 16. d4 Rad8 17. Qe2 Nf6 18. c3 Ne4 19. Re1 e5 20. Qe3 exd4 21.
Nfxd4 Ne5 22. Nxf5 Rxf5 23. Qxe4 Bg6 24. f4 Qc7 25. Qxb7 Qc4 26. fxe5 Qd3 27.
Kh2 Rf2 28. Rhf1 Rxb2 29. e6 h6 30. e7 Re8 31. Qd5+ 0-1

[Event "USA ch 2008 femenino Playoff"]
[Site "Tulsa USA"]
[Date "2008.05.21"]
[Round "4"]
[White "Krush, Irina"]
[Black "Zatonskih, Anna"]
[Result "0-1"]
[WhiteElo "2479"]
[BlackElo "2458"]
[PlyCount "78"]
[EventDate "2008.05.21"]
[EventType "match (rapid)"]
[EventRounds "5"]
[EventCountry "USA"]
[Source "lmi"]
[SourceDate "2008.05.13"]

1. d4 d5 2. c4 c6 3. Nf3 Nf6 4. Nc3 a6 5. h3 e6 6. e3 Nbd7 7. Qc2 dxc4 8. Bxc4
c5 9. a4 cxd4 10. exd4 Nb6 11. Bb3 Be7 12. O-O O-O 13. Bg5 h6 14. Be3 Bd7 15.
Ne5 Rc8 16. Qe2 Bc6 17. Rfd1 Nbd5 18. Rac1 Qb6 19. Bc2 Rfe8 20. Bb1 Bb4 21. Qd3
Bxc3 22. bxc3 Bxa4 23. Re1 Qc7 24. c4 Ne7 25. Bf4 Qd8 26. Ng4 Nf5 27. Be5 Nd7
28. Qe2 Nxe5 29. dxe5 Bc6 30. Bxf5 exf5 31. Ne3 Rxe5 32. Red1 Qe7 33. Qb2 Re8
34. Qc2 Qg5 35. Rd2 f4 36. Ng4 h5 37. f3 hxg4 38. hxg4 Qh4 39. Rcd1 Re1+ 0-1

[Event "USA ch 2008 femenino Playoff"]
[Site "Tulsa USA"]
[Date "2008.05.21"]
[Round "5"]
[White "Krush, Irina"]
[Black "Zatonskih, Anna"]
[Result "0-1"]
[WhiteElo "2479"]
[BlackElo "2458"]
[PlyCount "65"]
[EventDate "2008.05.21"]
[EventType "match (rapid)"]
[EventRounds "5"]
[EventCountry "USA"]
[Source "lmi"]
[SourceDate "2008.05.13"]

1. d4 d5 2. c4 c6 3. Nf3 Nf6 4. Nc3 a6 5. a4 e6 6. Bg5 Nbd7 7. cxd5 exd5 8. e3
Qa5 9. Bd3 Ne4 10. O-O Nef6 11. e4 dxe4 12. Nxe4 Be7 13. Re1 O-O 14. Ng3 Bb4
15. Re2 Re8 16. Nf5 Nf8 17. Nh6+ gxh6 18. Bxf6 Bf5 19. Ne5 Bxd3 20. Qxd3 Ng6
21. h4 Re6 22. Qf3 Qd5 23. Qf5 Be7 24. Bxe7 Rxe7 25. h5 Nxe5 26. dxe5 Qe6 27.
Qf4 Kh8 28. Rd1 Rg8 29. g3 Qg4 30. Qf6+ Qg7 31. Qf3 Rxe5 32. Rd7 Rg5 33. Re1
0-1